000 00384 a2200145 4500
001 168696
020 _a
040 _cMagnum
100 _aAgencia Regional de Noticias
240 1 0 _aClipping em educacao - 09/10/00 a 15/10/00 - ano ii - nº 60
_lpor
245 1 0 _aClipping em educacao - 09/10/00 a 15/10/00 - ano ii - nº 60
362 0 _a1899
697 _aENSINO
942 _cBK
999 _c168696
_d168696